[Event "BUL-ch sf 80th"]
[Site "Plovdiv"]
[Date "2016.02.13"]
[Round "8"]
[White "Merdzhanov, Vladko"]
[Black "Stankov, Apostol"]
[Result "0-1"]
[WhiteElo "1574"]
[BlackElo "1791"]
[PlyCount "84"]
[EventDate "2016.02.08"]
[EventType "swiss"]
[EventRounds "9"]
[EventCountry "BUL"]
[SourceTitle "CBM 170 Extra"]
[Source "ChessBase"]
[SourceDate "2016.02.25"]
[SourceVersion "1"]
[SourceVersionDate "2016.02.25"]
[SourceQuality "1"]

1. e4 d6 2. d4 g6 3. Nc3 Nf6 4. Nf3 Bg7 5. Be3 0-0 6. Qd2 Ng4 7. Bg5 h6 8. Bh4 g5 9. Bg3 Nf6 10. 0-0-0 c6 11. Kb1 b5 12. Bd3 Qb6 13. h3 Nh5 14. Ne2 Nxg3 15. fxg3 c5 16. c3 Nc6 17. Bc2 c4 18. Ka1 a5 19. Bb1 b4 20. g4 Bd7 21. g3 Rfb8 22. Nh2 bxc3 23. bxc3 a4 24. Qc2 a3 25. Rd2 Na5 26. e5 Nb3+ 27. axb3 cxb3 28. Qd1 b2+ 29. Ka2 Ba4 30. Bc2 Bb5 31. Bd3 Qc6 32. Nc1 Bc4+ 33. Nb3 Bxb3+ 34. Qxb3 Qxh1 35. Qd1 Qd5+ 36. c4 Qa5 37. exd6 exd6 38. Re2 Qc3 39. Re1 Bxd4 40. Nf3 b1Q+ 41. Qxb1 Rxb1 42. Rxb1 Qxd3 0-1